Southville International School and Colleges
Your cart is empty.
  • Cart
  • Lists
    Public lists Eva Luna New books Lux_list list_1
    Your lists Log in to create your own lists
  • Log in to your account
  • Your cookies
  • Search history
Southville International School and Colleges
  • Advanced search
  • Recent comments
  • Most popular
  • Libraries

Log in to your account

Log in with GOOGLE


If you do not have an external account, but do have a local account, you can still log in:

  1. Home
  2. MARC view: How to test your million dollar idea :
Normal view MARC view ISBD view

How to test your million dollar idea : (Record no. 305196)

[ view plain ]
MARC details
000 -LEADER
fixed length control field 00517nam a22001577a 4500
003 - CONTROL NUMBER IDENTIFIER
control field SISC
005 - DATE AND TIME OF LATEST TRANSACTION
control field 20161109141452.0
008 - FIXED-LENGTH DATA ELEMENTS--GENERAL INFORMATION
fixed length control field 161109b xxu||||| |||| 00| 0 eng d
020 ## - INTERNATIONAL STANDARD BOOK NUMBER
International Standard Book Number 0672527006
050 ## - LIBRARY OF CONGRESS CALL NUMBER
Classification number HF 5386
Item number .K57 1982
100 ## - MAIN ENTRY--PERSONAL NAME
Personal name Klein, Howard J.
245 ## - TITLE STATEMENT
Title How to test your million dollar idea :
Remainder of title a unique manual for would-be entrepreneurs /
Statement of responsibility, etc By Howard J. Klein.
260 ## - PUBLICATION, DISTRIBUTION, ETC. (IMPRINT)
Place of publication, distribution, etc New York,
Name of publisher, distributor, etc The Bobbs-Merrill Company, Inc.,
Date of publication, distribution, etc 1982.
300 ## - PHYSICAL DESCRIPTION
Extent 210 pages :
Other physical details illustrations ;
Dimensions 23 cm.
942 ## - ADDED ENTRY ELEMENTS (KOHA)
Source of classification or shelving scheme Library of Congress Classification
Koha item type Books
Holdings
Withdrawn status Lost status Source of classification or shelving scheme Damaged status Home library Current library Shelving location Date acquired Source of acquisition Sub Shelving location Total Checkouts Full call number Barcode Date last seen Date checked out Price effective from Koha item type
    Library of Congress Classification   College Library College Library Graduate Section 11/09/2016 Library Fund   1 HF 5386 .K57 1982 C20771 11/30/2016 11/14/2016 11/09/2016 Books

How to test your million dollar idea :

APA

Klein H. J., . (1982). How to test your million dollar idea. New York: The Bobbs-Merrill Company, Inc.

Chicago

Klein Howard J, . 1982. How to test your million dollar idea. New York: The Bobbs-Merrill Company, Inc.

Harvard

Klein H. J., . (1982). How to test your million dollar idea. New York: The Bobbs-Merrill Company, Inc.

MLA

Klein Howard J, . How to test your million dollar idea. New York: The Bobbs-Merrill Company, Inc. 1982.

  • Place hold
  • Print
  • Cite
  • Add to your cart (remove)
  • Save record
    BIBTEX Dublin Core MARCXML MARC (non-Unicode/MARC-8) MARC (Unicode/UTF-8) MARC (Unicode/UTF-8, Standard) MODS (XML) RIS
  • More searches
    Search for this title in:
    Other Libraries (WorldCat) Other Databases (Google Scholar) Online Stores (Bookfinder.com) Open Library (openlibrary.org)

Exporting to Dublin Core...

SOUTHVILLE LIBRARY

Southville International School and Colleges Library

1281 Tropical Ave. Cor. Luxembourg St., BF Homes International, Las Pinas City

Tel. No. 8256374 / 252358 Loc. 117/146

Powered by Koha